000
00340nam a2200133Ia 4500
008
220216s9999 xx 000 0 und d
100
_a
George C M
245
0
_a
100 years of Indian rubber plantation industry
260
_b
Rubber Asia
_c
2003
300
_a
109-112
650
_a
India
650
_a
Rubber plantation industry
942
_c
JS
999
_c
53232
_d
53232